Library Banner

اردو فکشن پرروسی ادب کے اثرات (Record no. 80653)

MARC details
000 -LEADER
fixed length control field 00452nam a22001577a 4500
005 - DATE AND TIME OF LATEST TRANSACTION
control field 20151207150734.0
008 - FIXED-LENGTH DATA ELEMENTS--GENERAL INFORMATION
fixed length control field 151207b xxu||||| |||| 00| 0 eng d
020 ## - INTERNATIONAL STANDARD BOOK NUMBER
International Standard Book Number 969848311X
040 ## - CATALOGING SOURCE
Transcribing agency PK-LaUMT
082 ## - DEWEY DECIMAL CLASSIFICATION NUMBER
Classification number MSC 801.95
Item number PAR-U
100 ## - MAIN ENTRY--PERSONAL NAME
Personal name پروین کلو
245 ## - TITLE STATEMENT
Title اردو فکشن پرروسی ادب کے اثرات
Statement of responsibility, etc پروین کلو
260 ## - PUBLICATION, DISTRIBUTION, ETC. (IMPRINT)
Place of publication, distribution, etc لاہور
Name of publisher, distributor, etc نیشنل پبلیکیشنز
Date of publication, distribution, etc 2011
300 ## - PHYSICAL DESCRIPTION
Extent 640 ص
942 ## - ADDED ENTRY ELEMENTS (KOHA)
Koha item type Books
Holdings
Withdrawn status Lost status Damaged status Home library Current library Date acquired Full call number Barcode Date last seen Price effective from Koha item type
      UMT Main Campus UMT Main Campus 2015-12-07 MSC 801.95 PAR-U 95729 2015-12-07 2015-12-07 Books